LEADER 02121nam 22005173u 450 001 9910449879203321 005 20210113162341.0 035 $a(CKB)1000000000003002 035 $a(EBL)3384690 035 $a(SSID)ssj0000279532 035 $a(PQKBManifestationID)12064302 035 $a(PQKBTitleCode)TC0000279532 035 $a(PQKBWorkID)10267964 035 $a(PQKB)10517718 035 $a(MiAaPQ)EBC3384690 035 $a(EXLCZ)991000000000003002 100 $a20151005d2001|||| u|| | 101 0 $aeng 135 $aur|n|---||||| 181 $ctxt 182 $cc 183 $acr 200 10$aFlash 5 Visual Insight$b[electronic resource] 210 $aPhoenix $cParaglyph Press$d2001 215 $a1 online resource (378 p.) 300 $aDescription based upon print version of record. 311 $a1-932111-55-7 327 $a""About the Authors""; ""Acknowledgments""; ""Contents at a Glance""; ""Table of Contents""; ""Introduction""; ""Introduction""; ""Techniques and Tasks""; ""Chapter 1 Basic Tools""; ""Chapter 2 Drawing in Flash""; ""Chapter 3 Organizing Your Drawing""; ""Chapter 4 So You Want to Be Disney""; ""Chapter 5 Creating Complex Animations""; ""Chapter 6 Adding Sound""; ""Chapter 7 Buttons and Interactivity""; ""Chapter 8 Creating Interactive Forms""; ""Chapter 9 ItA??s a Wrap""; ""Projects""; ""Chapter 10 Drawing""; ""Chapter 11 Basic Animations""; ""Chapter 12 Using Complex Animations"" 327 $a""Chapter 13 Using Buttons""""Chapter 14 Creating and Using Forms""; ""Chapter 15 Producing Flash Movies""; ""Index"" 606 $aComputer animation 606 $aFlash (Computer file) 606 $aWeb sites -- Design 608 $aElectronic books. 615 4$aComputer animation. 615 4$aFlash (Computer file). 615 4$aWeb sites -- Design. 676 $a006.6/96 700 $aLondon$b Sherry$0973600 701 $aLondon$b Dan$0973601 801 0$bAU-PeEL 801 1$bAU-PeEL 801 2$bAU-PeEL 906 $aBOOK 912 $a9910449879203321 996 $aFlash 5 Visual Insight$92215045 997 $aUNINA LEADER 00997nam a2200241 i 4500 001 991002134509707536 008 130801s2004 000 0 eng d 020 $a8883199790 035 $ab14126643-39ule_inst 040 $aBibl. Interfacoltà T. Pellegrino$bita 082 04$a869 100 1 $aJacobbi, Ruggero$0164153 245 10$aBrasile in scena :$btraduzioni da Guilherme Figueiredo, Alfreo Dias Gomes, Augusto Boal e Pedro Bloch /$c[tradotte da] Ruggero Jacobbi ; a cura di Luciana Stegagno Picchio ; con la collaborazione di Alessandra Vannucci 260 $aRoma :$bBulzoni,$cc2004 300 $a433 p. :$bill. ;$c24 cm 440 0$aEuro-Ispanica ;$v8 650 4$aBrasile$xTeatro 907 $a.b14126643$b02-04-14$c01-08-13 912 $a991002134509707536 945 $aLE002 869 JAC$g1$i2002000888570$lle002$og$pE30.00$q-$rl$s- $t0$u0$v0$w0$x0$y.i15527797$z01-08-13 996 $aBrasile in scena$9263107 997 $aUNISALENTO 998 $ale002$b01-08-13$cm$da $e-$fita$git $h0$i0